00699 2200229 4500001002100000005001700021008004100038035002400079082000800103090001900111100001700130245012900147260002800276300002600304500006200330500002900392650000900421850000900430985000600439986000900445999001500454YOGYA-0209000007244020090227093626.0 ind  0010-020900000072440 a642 a642bEdy PlSK aEDY SISWANTO aPola pengambilan keputusan penentuan konsumsi makan keluarga di Kelurahan Kota Baru Kecamatan Gondokusuman DIYcEdy Siswanto aYogyakartab[s.n]c1996 avii, 74 lembarc28 cm aSekripsi Dep.Kes.RI Pendidikan Ahli Madia Gizi Yogyakarta aBibliografi:Lembar 62-63 aMenu aBPAD a1 aHeru a08A0036229